000 01033cab a2200289 4500
001 WB3113-29
008 090401t1995 xxu||||| |||| 00| 0 eng d
035 _a(Sirsi) u41132
041 _aeng
245 _aElectronic data interchange
260 _c1995
350 _a0
490 _aConstruction News
_v(6408) 30 March 1995, 3
490 _aBuilding
_v260(13) 31 March 1995, 11(1)
520 _aDiscusses CITE (Construction Industry Trading Electronically), an on-line system, set up by 8 contractors, to receive bills of quantities on computer disk. It is run as a parallel activity to Edicon, who are setting standards for EDI.
650 _aBILLS OF QUANTITIES
650 _aCITE
650 _aCONSTRUCTION INDUSTRY TRADING ELECTRONICALLY
650 _aELECTRONIC DATA INTERCHANGE
650 _aEDICON
650 _aELECTRONIC DATA INTERCHANGE
650 _aINTERLOCK
690 _aBUILT ENVIRONMENT
690 _aMANAGEMENT-BUSINESS MANAGEMENT-INFORMATION MANAGEMENT
942 _n0
948 _c04/03/1997
999 _c26414
_d26414